ARRUPE JESUIT UNIVERSITY

CORONAVIRUS -STOP THE SPREAD - CLEAN,DISINFECT,COVER

Normes et pratiques sociales chez les Buma (Rép. du Zaïre) / (Record no. 127920)

MARC details
000 -LEADER
fixed length control field 01156cam a2200301 i 4500
001 - CONTROL NUMBER
control field 3222591
003 - CONTROL NUMBER IDENTIFIER
control field ARRUPE
005 - DATE AND TIME OF LATEST TRANSACTION
control field 20180412100305.0
008 - FIXED-LENGTH DATA ELEMENTS--GENERAL INFORMATION
fixed length control field 790228s1975 cg af b 001 0 fre
010 ## - LIBRARY OF CONGRESS CONTROL NUMBER
LC control number 78400376
020 ## - INTERNATIONAL STANDARD BOOK NUMBER
International Standard Book Number 8439947259
040 ## - CATALOGING SOURCE
Original cataloging agency DLC
Transcribing agency DLC
Modifying agency DLC
043 ## - GEOGRAPHIC AREA CODE
Geographic area code f-cg---
050 00 - LIBRARY OF CONGRESS CALL NUMBER
Classification number DT650.B66
Item number H62
082 00 - DEWEY DECIMAL CLASSIFICATION NUMBER
Classification number 309.1/675/1
300 ## - PHYSICAL DESCRIPTION
Other physical details ill. ;
Dimensions 24 cm.
100 1# - MAIN ENTRY--PERSONAL NAME
Personal name Hochegger, Hermann.
9 (RLIN) 38498
245 10 - TITLE STATEMENT
Title Normes et pratiques sociales chez les Buma (Rép. du Zaïre) /
Statement of responsibility, etc Hermann Hocheggre
260 ## - PUBLICATION, DISTRIBUTION, ETC. (IMPRINT)
Place of publication, distribution, etc Bandundu :
Name of publisher, distributor, etc Ceeba ;
Date of publication, distribution, etc c1975.
300 ## - PHYSICAL DESCRIPTION
Extent xi, 519 p. :
490 1# - SERIES STATEMENT
Series statement Publications - Ceeba : Série II ; v. 26
500 ## - GENERAL NOTE
General note "Deuxième partie : documentation": p. [295]-501.
500 ## - GENERAL NOTE
General note Includes index.
504 ## - BIBLIOGRAPHY, ETC. NOTE
Bibliography, etc Bibliography: p. [503]-509.
650 #0 - SUBJECT ADDED ENTRY--TOPICAL TERM
Topical term or geographic name as entry element Boma (African people)
General subdivision Social life and customs.
9 (RLIN) 41479
650 #0 - SUBJECT ADDED ENTRY--TOPICAL TERM
Topical term or geographic name as entry element Kinship
Geographic subdivision Congo (Democratic Republic)
9 (RLIN) 41480
830 #0 - SERIES ADDED ENTRY--UNIFORM TITLE
Uniform title Publications (Ceeba).
Number of part/section of a work Série II ;
Volume number/sequential designation v. 26.
9 (RLIN) 41481
906 ## - LOCAL DATA ELEMENT F, LDF (RLIN)
a 7
b cbc
c orignew
d 4
e ncip
f 19
g y-gencatlg
942 ## - ADDED ENTRY ELEMENTS (KOHA)
Source of classification or shelving scheme Library of Congress Classification
Koha item type Monograph ( Printed materials)
Holdings
Withdrawn status Lost status Source of classification or shelving scheme Damaged status Not for loan Collection code Home library Current library Shelving location Date acquired Total Checkouts Full call number Barcode Date last seen Price effective from Koha item type
    Library of Congress Classification     Main Collection ARRUPE LIBRARY ARRUPE LIBRARY Main Collection 12/04/2018   DT650.B66 H62 46600001792 12/04/2018 12/04/2018 Monograph ( Printed materials)

 

Arrupe Library. PO Box MP320 Mt Pleasant, Harare, Zimbabwe
263 242 745411|librarian@aju.ac.zw